<?xml version="1.0" encoding="UTF-8"?>
<collection xmlns="http://www.loc.gov/MARC21/slim">
    <record>
        <controlfield tag="001">16488</controlfield>
        <controlfield tag="005">20150325205545.0</controlfield>
        <datafield tag="037" ind1=" " ind2=" ">
            <subfield code="a">TAZ-TFG-2014-1792</subfield>
        </datafield>
        <datafield tag="041" ind1=" " ind2=" ">
            <subfield code="a">spa</subfield>
        </datafield>
        <datafield tag="100" ind1="1" ind2=" ">
            <subfield code="a">Pérez Lorenz, Virginia</subfield>
        </datafield>
        <datafield tag="245" ind1="0" ind2="0">
            <subfield code="a">Bases organizativas y metodológicas en un aula rural inclusiva: escuela rural "el palacio"</subfield>
        </datafield>
        <datafield tag="260" ind1=" " ind2=" ">
            <subfield code="a">Zaragoza</subfield>
            <subfield code="b">Universidad de Zaragoza</subfield>
            <subfield code="c">2014</subfield>
        </datafield>
        <datafield tag="506" ind1=" " ind2=" ">
            <subfield code="a">by-nc-sa</subfield>
            <subfield code="b">Creative Commons</subfield>
            <subfield code="c">3.0</subfield>
            <subfield code="u">http://creativecommons.org/licenses/by-nc-sa/3.0/</subfield>
        </datafield>
        <datafield tag="520" ind1=" " ind2=" ">
            <subfield code="a">El marco teórico sobre el que se ha trabajado este estudio parte de la conceptualización de escuela rural, término que ha sido abordado en muchas ocasiones por diversos autores, y que presenta multitud de acotaciones. El principal propósito de este proyecto, es esclarecer cómo se trabaja en este contexto, haciendo especial hincapié en la relación existente entre escuela rural y educación inclusiva, dado que en las aulas rurales, se dan las condiciones idóneas para trabajar de acuerdo a unos principios de inclusión. La observación participante, las conversaciones informales y la realización de entrevistas, son las estrategias que se han utilizado. Los resultados obtenidos de la investigación han señalado una metodología en el aula ligada a la inclusión, con una adecuación del currículum a las características reales del aula y una construcción del conocimiento a partir de la conexión vida-escuela. Las percepciones de los implicados sobre las prácticas que desarrollan muestran su compromiso con las mismas. Estos efectos pueden ser de gran utilidad para el desarrollo profesional de los futuros maestros, así como también para aquellos que no encuentran el método para trabajar atendiendo a la diversidad del aula.</subfield>
        </datafield>
        <datafield tag="521" ind1=" " ind2=" ">
            <subfield code="a">Graduado en Maestro Educación Primaria</subfield>
        </datafield>
        <datafield tag="540" ind1=" " ind2=" ">
            <subfield code="a">Derechos regulados por licencia Creative Commons</subfield>
        </datafield>
        <datafield tag="700" ind1=" " ind2=" ">
            <subfield code="a">Vigo Arrazola, María Begoña</subfield>
            <subfield code="e">dir.</subfield>
        </datafield>
        <datafield tag="710" ind1="2" ind2=" ">
            <subfield code="a">Universidad de Zaragoza</subfield>
            <subfield code="b">Ciencias de la Educación</subfield>
            <subfield code="c">Didáctica y Organización Escolar</subfield>
        </datafield>
        <datafield tag="856" ind1="0" ind2=" ">
            <subfield code="f">629728@celes.unizar.es</subfield>
        </datafield>
        <datafield tag="856" ind1="4" ind2=" ">
            <subfield code="s">2393778</subfield>
            <subfield code="u">http://zaguan.unizar.es/record/16488/files/TAZ-TFG-2014-1792.pdf</subfield>
            <subfield code="y">Memoria (spa)</subfield>
        </datafield>
        <datafield tag="909" ind1="C" ind2="O">
            <subfield code="o">oai:zaguan.unizar.es:16488</subfield>
            <subfield code="p">driver</subfield>
            <subfield code="p">trabajos-fin-grado</subfield>
        </datafield>
        <datafield tag="950" ind1=" " ind2=" ">
            <subfield code="a"></subfield>
        </datafield>
        <datafield tag="980" ind1=" " ind2=" ">
            <subfield code="a">TAZ</subfield>
            <subfield code="b">TFG</subfield>
            <subfield code="c">FEDU</subfield>
        </datafield>
    </record>

    
</collection>